| 000 | 00737nam a2200241 a 4500 | ||
|---|---|---|---|
| 001 | BRCA_7675 | ||
| 005 | 20190320205935.0 | ||
| 008 | 160813s1953----sp-ab#####---#000-0#spa-# | ||
| 041 | _aspa | ||
| 044 | _asp | ||
| 050 | 4 |
_aDP402.T4 _b.O55 1953 |
|
| 100 | 1 |
_aOnieva, Antonio J. _918946 |
|
| 245 | 1 | 0 |
_aNueva guía de Toledo _bcon un estudio sobre El Greco _cAntonio J. Onieva. |
| 260 |
_aMadrid _bParaninfo _c1953 |
||
| 300 |
_a301 p. _bil. (algunas a color), mapas _c16 cm. |
||
| 500 | _aU12 | ||
| 504 | _aBibliografía p. 283-284 | ||
| 600 | 1 | 4 |
_aTheotocopulli, Dominico _cllamado El Greco _dm. 1614 _918947 |
| 650 | 1 | 4 |
_aPintores españoles _97620 |
| 651 | 4 |
_aToledo, España _xDescripción _918948 |
|
| 902 | _aGFM | ||
| 942 |
_2lcc _cB |
||
| 999 |
_c7349 _d7349 |
||